| 000 | 00326nam a22001217a 4500 | ||
|---|---|---|---|
| 020 | _a0-07-451701-5 | ||
| 082 | _a621.38153 JAI'D | ||
| 100 |
_aJAIN, R. P _961974 |
||
| 245 | _aDIGITAL ELECTRONICS AND MICROPROCESSORS, PROBLEMS AND SOLUTIONS | ||
| 260 |
_aNEWDELHI _bTATA MCGRAW HILL _c1987 |
||
| 300 | _aIX, 524P | ||
| 942 | _cBK | ||
| 999 |
_c574401 _d574401 |
||